000 00382nam a22001577a 4500
020 _a978-81-264-2185-5
082 _a823
_bRAM/T
100 _aRAMCHANDANI , VINITHA
245 _aTHE TIGER CHARMER
_bSHORT STORY
246 _aTHE TIGER CHARMER
_bSHORT STORY
260 _aKARNATAKA
_bDC BOOKS
_c2008
300 _a30
520 _aSHORT STORY
650 _aSHORT STORY
942 _cBK
999 _c2252
_d2252